000 00722nam a2200289Ia 4500
005 20260324134053.0
008 008 260324s9999 xx 000 0 eng d
020 _a9780429271571
037 _aEBOOK
040 _aCRL
040 _beng
040 _cCRL
041 _2eng
041 _aeng
084 _qCRL
100 _aPeter W. Madlem; Larry D. Edwards
_91195458
245 0 _aPower Investing With Basket Securities
245 4 _bThe Investor's Guide to Exchange-Traded Funds
260 _bTaylor and Francis
260 _c2002
365 _a
365 _b150
856 _uhttp://www.taylorfrancis.com/books/9780429271571
942 _cEBOOK
999 _c1795137
_d1795137